000 01365nam a2200325 a 4500
001 000030125
003 DO-SdBNP
005 20250701121838.0
008 110429s2006 dr ab 000 0 spa d
040 _aDO-SdBNP
_bspa
_cBNPHU
082 _a378.7293
_bF727u
111 1 _aForo presidencial por la excelencia de la educación
_d(2006 nov. :
_cSanto Domingo)
_956814
245 1 3 _aEl uso de las redes avanzadas para la investigación, la educación, el desarrollo científico y la innovación en la República Dominicana /
_cAlvaro Nadal ... [et al.].
260 _aSanto Domingo :
_bSEESCYT,
_c2006.
300 _a62 p. :
_bil., gráfcs., mapas ;
_c25 cm.
500 _aIncluye bibliografía y notas al pie de páginas.
504 _aBibliografía : p. 62
590 _aInventariado, 2018/MFF
650 0 _aTecnología educativa
_918772
650 0 _aInnovaciones educativas
_917115
650 4 _aCalidad de la educación
_zRepública Dominicana
_9741
650 4 _aInnovaciones educativas
_zRepública Dominicana
_918819
700 1 _aNadal, Alvaro
_956818
700 1 _aArango, Amparo
_952107
700 1 _aCollado, Clara
_956819
700 1 _aMuñóz, Darwin
_956820
710 1 _aRepública Dominicana.
_bSecretaría de Estado de Educación Superior, Ciencia y Tecnología
_918778
910 _aValidado. Control de calidad EMS.
942 _2ddc
_cLBS1
999 _c29617
_d29617